00728nam a22001815i 4500001000700000003000900007005001700016008004100033040002000074080002700094110002600121245014400147260006800291300002100359610003700380700003100417852009800448161920ES-MaACL20230906212402.0041027s1890 sp |||| | spa d aCAM bspa cCAM a378.5(460.152)(060.55)2 aInstituto Vizcaíno.10aMemoria sobre el estado del Instituto Vizcaíno de Segunda Enseñanza durante el curso de 1886 á 1887 / cpor Juan Pérez y Malumbres. aBilbao : b[s.n.], c1890 (fEst. Tip. de la Viuda de E. Calle) a80 p. ; c23 cm.24aInstituto Vizcaíno-vMemorias.1 aPérez y Malumbres, Juan. aES-MaACLjT-531-F-3 z-- Enc. hol. conservando la cub. original z-- Enc. en un vol. facticio